| 000 | 04276cas a2200805 4500 | ||
|---|---|---|---|
| 001 | ssj0000678 | ||
| 003 | WaSeSS | ||
| 005 | 20220923135800.0 | ||
| 006 | m d | ||
| 007 | cr n | ||
| 008 | 751101c19229999maumr p s 0 a0eng | ||
| 010 | _a 25010769 | ||
| 016 | 7 |
_aH02440000 _2DNLM |
|
| 016 | 7 |
_a009199216 _2Uk |
|
| 016 | _a(AMICUS)000014357823 | ||
| 016 | _a(AMICUS)000000141715 | ||
| 016 | 7 |
_aH02440000. _2DNLM |
|
| 016 | 7 |
_a009199216. _2Uk |
|
| 016 | 7 |
_aAA00205665 _2JP-ToKJK |
|
| 016 | _a(AMICUS)000014357820 | ||
| 022 |
_a0017-8012 _l0017-8012 _21 |
||
| 030 | _aHABRAX | ||
| 035 | _a(OCoLC)01751795 | ||
| 040 |
_aDLC _beng _cMUL _dFUL _dYUS _dNSD _dCOO _dDLC _dNSD _dOCL _dRCS _dNST _dAIP _dNSD _dAIP _dHUL _dAIP _dDLC _dHUL _dAIP _dDLC _dAIP _dOCL _dNST _dOCL _dNST _dAGL _dNST _dNSD _dHUL _dOCL _dHNK _dOCLCQ _dNLGGC _dGK8 _dNLM _dLVB _dHUL _dDOS _dRCJ _dOCLCQ _dUKMGB _dOCLCQ _dCUV _dDLC _dBEDGE _dIDA _dMZA _dOCLCF _dOCLCO _dSTL _dOCLCA _dEUW _dOCLCO _dOCL _dOCLCO _dOCLCQ _dOCLCO _dRDF _dOCLCO _dOCLCQ _dOCLCO _dBECOE _dT3H _dOCLCO _dOCLCQ _dOCLCO _dGUA _dOCLCA _dGZR _dCDS _dMYTML _dNLC _dOCLCQ _dCAI _dNLM _dOCLCO _dOCLCA _dSERSO _dNOC _dCSA _dOCLCO _dCPS _dOCLCO _dIBR _dDLC _dCDS _dUPM _dDLC _dUKBTH _dCEF _dUBC _dFC@ _dLEATE _dOL$ _dOKX _dHCO _dTWJ _dVAN _dURS _dDXU _dTOF _dBBW _dCTB _dCNKEY _dFSP _dWYU _dMLSOD _dUWO _dCBU _dBUB _dNZ1 _dCANPU _dMHH _dKNM _dMUS _dADU _dGDC _dNLE _dNMS _dIL4J6 _dOCLCO _dCM3 _dWaSeSS |
||
| 042 |
_ansdp _apcc |
||
| 050 | 0 | 0 |
_aHF5001 _b.H3 |
| 060 | 0 | 0 |
_aW1 _bHA63E |
| 082 | 0 | 4 | _a330.9/04 |
| 092 | _aEPER | ||
| 130 | 0 |
_aHarvard business review (Online) _99799 |
|
| 210 | 0 | _aHarvard bus. rev. | |
| 222 | 0 | _aHarvard business review | |
| 245 | 1 | 0 | _aHarvard business review |
| 246 | 1 | 3 |
_aHBR _f<Jan. 2008-> |
| 260 |
_aBoston _bGraduate School of Business Administration, Harvard University. |
||
| 310 |
_aMonthly, _b2019- |
||
| 321 |
_aBimonthly, _b2017-2019 |
||
| 321 |
_aFrequency varies, _b1922-2016 |
||
| 362 | 0 | _av. 1- Oct. 1922- | |
| 506 | _aRequires an SPL library card. | ||
| 516 | _aText | ||
| 525 | _aSupplements accompany some numbers. | ||
| 525 | _aAnnual index published <2004-> as an annual supplement with title: Reader's guide. | ||
| 538 | _aMode of access: World Wide Web. | ||
| 588 | _aLatest issue consulted: Vol. 98, no. 1 (Jan./Feb. 2020) (surrogate). | ||
| 650 | 0 |
_aBusiness _vPeriodicals _99800 |
|
| 650 | 0 |
_aEconomic history _vPeriodicals _99801 |
|
| 710 | 2 |
_aThomson Gale (Firm) _99803 |
|
| 740 | 0 | 2 | _aHarvard business review reader's guide. |
| 767 | 0 |
_tHarvard business review. Chinese. HafoOu Ya gong shang ping lun _w(DLC)sc 84005102 _w(OCoLC)10679948 |
|
| 767 | 0 |
_tHarvard business review. Finnish. Harvard aikakauskirja _w(DLC)sc 85005394 _w(OCoLC)11196565 |
|
| 767 | 0 |
_tHarvard business review. German. Harvard business manager _w(DLC)sn 94030161 _w(OCoLC)29150039 |
|
| 767 | 0 |
_tHarvard business review. Italian. Harvard espansione _g1970-1991 _w(DLC)sn 97033431 _w(OCoLC)25882444 |
|
| 767 | 0 |
_tHarvard business review (Edizione italiana) _g<1995-> _w(DLC)sn 97033433 _w(OCoLC)35055039 |
|
| 767 | 0 |
_tHarvard business review. Spanish. Harvard Deusto business review _x0210-900X _w(DLC)sn 95033634 _w(OCoLC)33246661 |
|
| 767 | 0 |
_tHarvard business review _x0717-9952 _w(DLC) 2007234167 _w(OCoLC)80930661 |
|
| 767 | 0 |
_tHarvard business review. Polish. Harvard business review Polska _w(DLC) 2007234168 _w(OCoLC)77728481 |
|
| 776 | 0 | 8 |
_iOnline version: _tHarvard business review _w(OCoLC)562262098 |
| 787 | 0 | 8 |
_iDerivative (work): _tHBR's 10 must reads _w(DLC) 2015234085 _w(OCoLC)909285937 |
| 856 | 4 | 0 |
_yClick here to access this full text electronic journal online. _uhttp://MY2VS8LV9P.search.serialssolutions.com/?V=1.0&L=MY2VS8LV9P&S=JCs&C=HARVBUSREV&T=marc _zAn electronic journal available through full-text database. |
| 942 |
_2ddc _cPR _s1 |
||
| 999 |
_c220415 _d220415 |
||
| 999 | _b02425255 | ||